Statistiken für Die 10 Länder mit dem größten GDP in Afrika

Klicken Sie hier um das Quiz zu spielen!

Allgemein

  • Dieses Quiz wurde 121 mal gespielt
  • Das Durchschnittsergebnis liegt bei 8 aus 10

Antwortstatistiken

GDP in Millionen US-DollarLand% Korrekt
349.299Südafrika
100%
237.073Ägypten
99%
178.287Algerien
94%
109.824Marokko
94%
376.284Nigeria
90%
79.511Kenia
81%
51.725Tansania
81%
80.874Äthiopien
68%
124.209Angola
64%
58.239Sudan
62%

Verteilung der Resultate

Perzentil nach korrekt beantworteten Fragen

Anzahl Personen mit jedem Resultat

Ihre Resultats-Entwicklung

Sie haben dieses Quiz noch nicht gespielt